Computer architecture : (Record no. 134889)

MARC details
000 -LEADER
fixed length control field 00681nam a22002297a 4500
005 - DATE AND TIME OF LATEST TRANSACTION
control field 20181218120308.0
010 ## - LCCN (DPL NO)
LC control number B-225385
020 ## - INTERNATIONAL STANDARD BOOK NUMBER
Terms of availability 00.00
International Standard Book Number 0070593728
035 ## - SYSTEM CONTROL NUMBER
System control number B-225385, B-225396
037 ## - SOURCE OF ACQUISITION
Source of stock number/acquisition Cen Lib/Ret
082 ## - DEWEY DECIMAL CLASSIFICATION NUMBER
Classification number 004.22
Item number CAR
100 ## - MAIN ENTRY--PERSONAL NAME
Personal name Carter, Nicholas
245 ## - TITLE STATEMENT
Title Computer architecture :
Statement of responsibility, etc by Nicolas Carter
260 ## - PUBLICATION, DISTRIBUTION, ETC. (IMPRINT)
Place of publication, distribution, etc New Delhi
Name of publisher, distributor, etc Tata McGraw hill publishing company
Date of publication, distribution, etc 2006
270 ## - ADDRESS
City New Delhi
Address 7 West Patel nagar
Postal code 110008
300 ## - PHYSICAL DESCRIPTION
Extent various pagings
Dimensions 22cm(pbk)
500 ## - GENERAL NOTE
General note Includes index
650 ## - SUBJECT ADDED ENTRY--TOPICAL TERM
Topical term or geographic name as entry element Computer sceince
650 ## - SUBJECT ADDED ENTRY--TOPICAL TERM
Topical term or geographic name as entry element Computer architecture
General subdivision
942 ## - ADDED ENTRY ELEMENTS (KOHA)
Source of classification or shelving scheme Dewey Decimal Classification
Item type English Books
Classification part 004.22
Call number suffix CAR
Holdings
Withdrawn status Lost status Not for loan Home library Current library Date acquired Source of acquisition Cost, normal purchase price Full call number Barcode Copy number Cost, replacement price Koha item type Collection code
      Central Library Central Library 31/07/2015 Cen Lib/Ret 0.00 004.22 CAR B-225385 1 0.00 English Books  
      Sarojini Nagar Sarojini Nagar 08/02/2019     004.22 CAR B-225390     English Books Non-fiction
      Shahdara Branch Shahdara Branch 27/08/2018 BPPD/PUB 0.00 004.22 CAR B-225396   0.00 English Books Non-fiction

© Delhi Public Library
Hit Counter
free hit counter